00272 a2200097 450000500170000002000220001710000170003924500310005626000330008730000540012020250614125507.0 a978-0-07-351166-5 aFERRELL, O.C aBusiness: A Changing World aNew YorkbMcGraw-Hill c2008 axxxiv, 586p.: ill; pictures, tablesbIndexc26 cm